000 00571nam a2200157Ia 4500
008 231217s9999 xx 000 0 und d
041 _aEnglish
082 _a001.424 SWA;7 R1
100 _aSwarup, Kanthi. Gupta, P K. Man, Mohan.
245 0 _aOperations research : a textbook for students of mathematics, statistics, commerce engineering and management of all Indian universities
250 _a3rd ed.
260 _c1986
_bSultan Chand & Sons
_aNew Delhi
300 _axiv, 891
650 _aOperations,mathematics,,statistics,,commerce,management
942 _cAA
999 _c196166
_d196166